| 000 | 00372nam a2200121 4500 | ||
|---|---|---|---|
| 999 |
_c10660 _d10660 |
||
| 003 | OSt | ||
| 005 | 20220509181244.0 | ||
| 008 | 220509b ||||| |||| 00| 0 eng d | ||
| 082 | _a729.2 | ||
| 100 | _aDe Chiara, Joseph, 1929-2017; Callender, John Hancock; Crosbie, Michael J.; De Chiara, Joseph, 1929-2017 | ||
| 245 | _aTime-saver standards for building types | ||
| 942 | _2ddc | ||